Which Countries Still Have Overseas Territories? - Statistics

General Stats
  • This quiz has been taken 225 times
  • The average score is 8 of 9
Answer Stats
Population of territories Answer % Correct
2,785,000 France
99%
272,276 United Kingdom
99%
4,100,954 United States
97%
104,903 Denmark
89%
313,076 Netherlands
88%
4,507 Australia
86%
21,827 New Zealand
82%
2,717 Norway
76%
30,129 Finland
50%
No matching quizzes found
Score Distribution
Percent of People with Each Score
Percentile by Number Answered
Your Score History
You have not taken this quiz